Bilaterálna diplomacia a Európska únia

Aktuálne zmeny v praxi bilaterálnej diplomacie, realizovanej zastupiteľskými úradmi, v kontexte európskej integrácie. Viedenský dohovor o diplomatických stykoch a päť základných funkcií diplomatickej misie. Rokovanie s vládou prijímajúceho štátu. Zisťovanie podmienok a vývoja v prijímajúcom štáte a...

Descrizione completa

Salvato in:
Dettagli Bibliografici
Autore principale: Pajtinka, Erik
Natura: Capitolo di libro
Lingua:slovacco
Soggetti:
Tags: Aggiungi Tag
Nessun Tag, puoi essere il primo ad aggiungerne!!

MARC

LEADER 00000naa$a2200000$$$4500
001 0038682
005 20231016092542.7
041 0 |a slo 
044 |a CZ 
245 1 0 |a Bilaterálna diplomacia a Európska únia  |c Erik Pajtinka 
520 |a Aktuálne zmeny v praxi bilaterálnej diplomacie, realizovanej zastupiteľskými úradmi, v kontexte európskej integrácie. Viedenský dohovor o diplomatických stykoch a päť základných funkcií diplomatickej misie. Rokovanie s vládou prijímajúceho štátu. Zisťovanie podmienok a vývoja v prijímajúcom štáte a podávanie správ vysielajúcemu štátu. Ochrana záujmov vysielajúceho štátu a jeho príslušníkov. Zastupovanie vysielajúceho štátu v štáte prijímajúcom. Podpora priateľských vzťahov a rozvoj hospodárskych, vedeckých a kultúrnych stykov. 
610 2 0 |a diplomacia 
610 2 0 |a diplomati 
610 2 0 |a politika zahraničná 
610 2 0 |a vzťahy medzinárodné 
610 2 0 |a spolupráca medzinárodná 
610 2 0 |a globalizácia 
610 2 0 |a integrácia 
610 2 0 |a štát 
610 2 0 |a identita 
610 2 0 |a kultúra 
610 2 0 |a Európska únia 
100 1 |a Pajtinka, Erik